The geography of the world economy (Record no. 9282)

MARC details
000 -LEADER
fixed length control field 00603nam a22002297a 4500
003 - CONTROL NUMBER IDENTIFIER
control field OSt
005 - DATE AND TIME OF LATEST TRANSACTION
control field 20240724100930.0
008 - FIXED-LENGTH DATA ELEMENTS--GENERAL INFORMATION
fixed length control field 240724b |||||||| |||| 00| 0 eng d
020 ## - INTERNATIONAL STANDARD BOOK NUMBER
International Standard Book Number 0340807121
040 ## - CATALOGING SOURCE
Transcribing agency MUST
082 ## - DEWEY DECIMAL CLASSIFICATION NUMBER
Edition number 22
Classification number 330.9 KNO 2003
100 ## - MAIN ENTRY--PERSONAL NAME
Personal name Know, Paul
9 (RLIN) 18973
245 ## - TITLE STATEMENT
Title The geography of the world economy
Statement of responsibility, etc. paul Know
250 ## - EDITION STATEMENT
Edition statement 4th ed.
260 ## - PUBLICATION, DISTRIBUTION, ETC. (IMPRINT)
Place of publication, distribution, etc. New york:
Name of publisher, distributor, etc. Arnold
Date of publication, distribution, etc. 2003
300 ## - PHYSICAL DESCRIPTION
Extent x,437p.
Other physical details ill.
Dimensions 25cm
500 ## - GENERAL NOTE
General note includes references and index
650 ## - SUBJECT ADDED ENTRY--TOPICAL TERM
Source of heading or term economics
700 ## - ADDED ENTRY--PERSONAL NAME
Personal name John Agnew
9 (RLIN) 18974
700 ## - ADDED ENTRY--PERSONAL NAME
Personal name Linda McCarthy
9 (RLIN) 18975
942 ## - ADDED ENTRY ELEMENTS (KOHA)
Source of classification or shelving scheme Dewey Decimal Classification
Koha item type Open Shelf
Holdings
Withdrawn status Lost status Source of classification or shelving scheme Damaged status Not for loan Home library Current library Date acquired Source of acquisition Inventory number Total Checkouts Full call number Barcode Date last seen Price effective from Koha item type
    Dewey Decimal Classification     MUST Main Library MUST Main Library 24/07/2024 Donation 06/27290   330.9 KNO 2003 2024-22161 24/07/2024 24/07/2024 Open Shelf